000 00804pam a2200253 a 4500
001 vtls003152331
003 MY-SjTCS
005 20200226111659.0
008 090819s2008 xna 001 0 eng
020 _a9780455224992 (pbk.)
039 9 _a200910161640
_bazura
_c200910151641
_dmas
_y200908191552
_zchon ling
082 0 4 _a346.9407
_bGAM
100 1 _aGamble, Roger.
245 1 0 _aPrinciples of business law /
_cRoger Gamble, Jean du Plessis, Luke Neal.
250 _a1st ed.
260 _aPyrmont, N.S.W. :
_bLawbook Co.,
_c2008.
300 _axxiii, 409 p. ;
_c25 cm.
500 _aIncludes index.
590 _aAustralian Degree Programme (UNISA): LAWS1002
650 0 _aBusiness law
_zAustralia.
_98972
700 1 _aDu Plessis, J. J.
_954328
700 1 _aNeal, Luke.
920 _aUNISA/3
999 _c84335